<?xml version="1.0" encoding="UTF-8"?>
<record
    xmlns:xsi="http://www.w3.org/2001/XMLSchema-instance"
    xsi:schemaLocation="http://www.loc.gov/MARC21/slim http://www.loc.gov/standards/marcxml/schema/MARC21slim.xsd"
    xmlns="http://www.loc.gov/MARC21/slim">

  <leader>00462    a2200169   4500</leader>
  <controlfield tag="003">OSt</controlfield>
  <controlfield tag="005">20231124150706.0</controlfield>
  <controlfield tag="008">231124b        |||||||| |||| 00| 0 eng d</controlfield>
  <datafield tag="020" ind1=" " ind2=" ">
    <subfield code="a">9789355736109</subfield>
  </datafield>
  <datafield tag="040" ind1=" " ind2=" ">
    <subfield code="c">oclc</subfield>
  </datafield>
  <datafield tag="082" ind1=" " ind2=" ">
    <subfield code="a">540</subfield>
    <subfield code="b">VER/J</subfield>
  </datafield>
  <datafield tag="100" ind1=" " ind2=" ">
    <subfield code="a">Verma, K S</subfield>
    <subfield code="9">9947</subfield>
  </datafield>
  <datafield tag="245" ind1=" " ind2=" ">
    <subfield code="a">JEE (Advanced) Physical  Chemistry part I /</subfield>
    <subfield code="c">K S Verma</subfield>
  </datafield>
  <datafield tag="250" ind1=" " ind2=" ">
    <subfield code="a">3e</subfield>
  </datafield>
  <datafield tag="260" ind1=" " ind2=" ">
    <subfield code="b">Cengage, </subfield>
    <subfield code="c">2023.</subfield>
  </datafield>
  <datafield tag="942" ind1=" " ind2=" ">
    <subfield code="2">ddc</subfield>
    <subfield code="c">BK</subfield>
    <subfield code="h">540</subfield>
    <subfield code="i">VER/J</subfield>
    <subfield code="k">540</subfield>
    <subfield code="m">VER/J</subfield>
  </datafield>
  <datafield tag="952" ind1=" " ind2=" ">
    <subfield code="0">0</subfield>
    <subfield code="1">0</subfield>
    <subfield code="2">ddc</subfield>
    <subfield code="4">0</subfield>
    <subfield code="7">0</subfield>
    <subfield code="8">ENTRANCE</subfield>
    <subfield code="a">MES</subfield>
    <subfield code="b">MES</subfield>
    <subfield code="c">CAREER CORNER</subfield>
    <subfield code="d">2023-11-24</subfield>
    <subfield code="l">0</subfield>
    <subfield code="o">540 VER/J</subfield>
    <subfield code="p">43756</subfield>
    <subfield code="r">2023-11-24 15:08:02</subfield>
    <subfield code="t">2</subfield>
    <subfield code="v">1109.00</subfield>
    <subfield code="w">2023-11-24</subfield>
    <subfield code="y">BK</subfield>
    <subfield code="z">U8R4</subfield>
  </datafield>
  <datafield tag="952" ind1=" " ind2=" ">
    <subfield code="0">0</subfield>
    <subfield code="1">0</subfield>
    <subfield code="2">ddc</subfield>
    <subfield code="4">0</subfield>
    <subfield code="7">0</subfield>
    <subfield code="8">ENTRANCE</subfield>
    <subfield code="a">MES</subfield>
    <subfield code="b">MES</subfield>
    <subfield code="c">CAREER CORNER</subfield>
    <subfield code="d">2023-11-24</subfield>
    <subfield code="l">2</subfield>
    <subfield code="o">540 VER/J</subfield>
    <subfield code="p">43755</subfield>
    <subfield code="r">2024-11-25 15:18:02</subfield>
    <subfield code="s">2024-11-11</subfield>
    <subfield code="t">1</subfield>
    <subfield code="v">1109.00</subfield>
    <subfield code="w">2023-11-24</subfield>
    <subfield code="y">BK</subfield>
    <subfield code="z">U8R4</subfield>
  </datafield>
  <datafield tag="999" ind1=" " ind2=" ">
    <subfield code="c">41895</subfield>
    <subfield code="d">41895</subfield>
  </datafield>
</record>
